Countries along the longest European route - Statistics

General Stats
  • This quiz has been taken 52 times
  • The average score is 11 of 13
Answer Stats
Length Country % Correct
50 km France
100%
800 km Germany
100%
700 km Poland
100%
900 km Russia
98%
300 km Belgium
93%
1600 km Ukraine
93%
800 km Kazakhstan
71%
500 km Kazakhstan
71%
1400 km Kazakhstan
71%
400 km Uzbekistan
71%
1100 km Uzbekistan
71%
100 km Kyrgyzstan
67%
100 km Turkmenistan
67%
No matching quizzes found
Score Distribution
Percent of People with Each Score
Percentile by Number Answered
Your Score History
You have not taken this quiz